MDQL
is popping MORE tags! Check the
thread
!
Quizzes
Events
Quiz Creation
Community
Videos
Private Events
Remove Ads
Sign In
Join for FREE
Feedback
Dark Mode
Quiz Categories
Sports
Geography
Music
Movies
Television
Just For Fun
Miscellaneous
History
Literature
Language
Science
Gaming
Entertainment
Religion
Holiday
For Kids
Quiz Lab
Recent
Popular Today
Quiz Kudos Today
Editor Picks
Curator Picks
Quizzes by...
Day
Popularity
Type
Ratings
Length
Year
Community
Subscriptions
Recent Discussions
Orange Saloon
Badges
Playlists
Quests
Create
Leaderboards
Showdown
Live 5
Trivia Bingo
Activity
Puzzle Library
Sporcle Events
Private Events
Virtual Trivia
Globe League
Become a Host
Pub Owners
SporcleCon
Opinionation
Our Games
Videos
Blog
Mobile Apps
Partnerships
Remove Ads and Go Orange
Feedback
Gaming
Video Games
Board Games
Card Games
Pokémon
Mario
Nintendo
Minecraft
Console
Toys
Legend of Zelda
Gaming
Video Games
Board Games
Card Games
Pokémon
Mario
Nintendo
Minecraft
Console
Toys
Legend of Zelda
Random Quiz
Search Sporcle
×
Quiz Lab
Quiz Lab
Gaming
gear
Type in answers that appear in a list
Type in answers that appear in a list
Classic
Best Score? Go Orange.
Metal Gear Main Characters Stats
Can you name the main characters that are in Metal Gear?
By
griffdog
10m
6 Questions
93 Plays
93 Plays
93 Plays
Comments
Comments
Give Quiz Kudos
Give Quiz Kudos
-
- Ratings
hide this ad
Replay
Link that replays current quiz
Next Quiz
Link to next quiz in quiz playlist
You Got
0%
They Got
Avg Score
41%
Avg Friend Score
Upgrade to see
Score Distribution
Jump to the score distribution portion of the page
Score
0/6
Timer
10:00
0
Plays Today
% Correct
Snake
96.8%
Otacon
54.8%
Naked Snake
33.3%
Grey Fox
28%
Mei Ling
25.8%
Gekko
12.9%
Quiz Playlist
Details
Report
Send in Message
Add To Playlist
Classic:
Type in answers that appear in a list
Last Updated: Feb 16, 2017
Quiz Scoreboard
CHALLENGE
Sign Up to Join the Scoreboard
Show All
Scores
Hide
Comments
May contain spoilers
Recently Published
Find the 'City' Movie
by crazypaving
Movies
60s
5x2 Blitz: Bands
by SL_Kpop136
Music
30s
Colored Red Africa Blitz
by spor1
Geography
30s
More to Explore
Quiz From the Vault
Featured Blog Post
14 Easter Pick-up Lines to Find Eggs With
hide this ad
You Might Also Like...
Tags
Crew
gear
metal
Metal Gear
Today's Top Quizzes in Gaming
Browse Gaming
hide this ad
Top Contributed Quizzes in Gaming
1
Genshin murder mystery
2
Dead By Daylight Logic Puzzle
3
Destiny 2 exotic weapons by perk icons
4
League of Legends Pro Players by Career/Team History
5
Genshin Impact Logic Puzzle
6
Overwatch 2: Ultimate Ability Icons
7
Genshin Impact Logic Puzzle Quiz II
8
Overwatch Logic Puzzle
9
Who's on the WWE 2K24 Cover?
10
5-to-1: Legend of Zelda
Explore More
Trending Topics
Disney
Kpop
Marvel
Crossword
NBA
Harry Potter
Anime
WWE
Country
Puzzle
Song
The Office
NFL
Soccer
Pokémon
hide this ad
More By:
griffdog
Quiz
Plays
Rating
Category
Featured
Created
Super Smash Bros Brawl Fighters by Hint
843
2.45
Gaming
Feb 2, 2012
Super Smash Bros Brawl Fighters by Quote
724
1.70
Gaming
Nov 29, 2011
Super Smash Bros. Universe
699
1.38
Gaming
Nov 10, 2012
Vanilla WOW Zones By Description
393
3.00
Gaming
Apr 20, 2014
Pokemon Evolution
316
1.00
Gaming
Jun 27, 2012
Go to Creator's Profile
Score Distribution
Quiz Creator Spotlight
griffdog
Follow
Send a Message
Quizzes Created
-
Created Quiz Play Count
-
More By This Creator
Popular Quizzes Today
1
Colored Red Africa Blitz
2
Find the 'City' Movie
3
Find the US States - No Outlines Minefield
4
5x2 Blitz: Bands
5
The Countries of the World
6
Find the US States
7
Find the Countries of Europe - No Outlines Minefield
8
US States
More Gaming Quizzes
Board Game Receipts
Published
Trending Quizzes
Colored Red Europe Blitz I
Colored Red Europe Blitz II
Colored Red Africa Blitz II
Colored Red Europe Blitz III
Colored Red Africa Blitz III
Recently Updated
How Do You Spell That?
pecheneg
Godzilla Movies
pecheneg
Grab Bag: 4-10 Letters
pecheneg
2024 March Madness Bracket
pecheneg
Famous TV Couples
Peacemaker
Champions League XIs: Real Madrid
pecheneg
Largest US Cities 1790-2010
pecheneg
Rides in Walt Disney World
pecheneg
Most Oscar Losses (Acting)
pecheneg
Beyoncé Albums
pecheneg
Trending Topics
Marvel
NBA
Crossword
Disney
Anime
Kpop
Harry Potter
Soccer
The Office
Country
Pokémon
NFL
WWE
Song
Puzzle
Your Account Isn't Verified!
In order to create a playlist on Sporcle, you need to verify the email address you used during registration. Go to your
Sporcle Settings
to finish the process.
Report this User
Report this user for behavior that violates our
Community Guidelines
.
Details:
Send Report
Go to the Sporcle.com Mobile Site →
Comments